Dejiny Sedmohradska

Bibliographic Details
Main Authors: Pop, Ioan-Aurel, 1955- (Author), Bolovan, Ioan, 1962- (Author)
Other Authors: Páleníková, Jana, 1954- (Translator), Kopecký, Peter, 1955- (Translator), Dorko, Martin (Translator)
Format: Book
Language:Slovak
Romanian, Moldovan
PhysicalDescription:374 strán faksimile, fotografie, ilustrácie, mapy 25 cm
Published: Bratislava AnaPress 2018
ISBN:9788089137992
Subjects:

MARC

LEADER 00000cam a2200000 4500
001 vtls011838308
003 SK-MaSNL
005 20260302021945.0
008 210105s2018 xo hobcg n 001 0dslo
015 |a SNBA2019/02 
020 |a 9788089137992  |q (brožované) 
035 |a BCE99F7E-0A7B-4F37-B6D2-6BAF28A65584 
035 |a urn:nbn:sk:snk-am3icqg 
035 |a urn:nbn:sk:snk-am00e3mp 
040 |a SNK  |b slo  |c SNK  |e rda 
041 1 |a slo  |h rum 
043 |a e-rm--- 
044 |a xo  |c SK 
072 7 |a 94(495/498)  |x Dejiny štátov a území na Balkánskom polostrove  |2 konspekt 
080 |a 94(498.4)  |2 2011 
080 |a (048.8)  |2 2011 
100 1 |a Pop, Ioan-Aurel,  |d 1955-  |4 aut  |9 313084 
240 1 0 |a Istoria Transilvaniei  |l Slovensky 
245 1 0 |a Dejiny Sedmohradska  |c Ioan-Aurel Pop, Ioan Bolovan ; preklad Jana Páleníková, Peter Kopecký, Martin Dorko 
264 1 |a Bratislava  |b AnaPress  |c 2018 
300 |a 374 strán  |b faksimile, fotografie, ilustrácie, mapy  |c 25 cm 
336 |a text  |b txt  |2 rdacontent 
337 |a bez média  |b n  |2 rdamedia 
338 |a zväzok  |b nc  |2 rdacarrier 
500 |a Miesto vydania podľa NA ISBN 
504 |a Bibliografia na strane 349-364 ; bibliografické údaje ; menný register 
651 7 |a Sedmohradsko  |x dejiny  |2 SNKPH  |9 30524 
651 7 |a Transylvania (Romania)  |x History  |2 SNKPHeng  |9 161230 
655 7 |a monografie  |2 SNKPH  |9 70139 
655 7 |a Monographs  |2 SNKPHeng  |9 120675 
700 2 |a Bolovan, Ioan,  |d 1962-  |4 aut  |9 596180 
700 1 |a Páleníková, Jana,  |d 1954-  |4 trl 
700 1 |a Kopecký, Peter,  |d 1955-  |4 trl  |9 23214 
700 1 |a Dorko, Martin  |4 trl  |9 666862 
919 |a 978-80-89137-99-2 
958 |a NB 
958 |a OP 
968 |a SLO  |b ROM 
999 |c 1030950  |d 1032880 
952 |a SNK  |b SNK  |y PREZ  |7 0  |p 17A1353856  |o snkSC 182729  |i snk2019/2880  |8 0  |0 0  |1 0  |4 0  |d 2019-01-31  |f 1  |l 0  |r 2026-02-24 13:53:34  |w 2026-02-24 
952 |a SNK  |b SNK  |y VYP  |7 0  |p 17A1353857  |o snkSC 182729 D1  |i snk2019/2881  |8 0  |0 0  |1 0  |4 0  |d 2019-01-31  |l 0  |r 2026-02-24 13:53:34  |w 2026-02-24